Applied multivariate statistical analysis / (Record no. 54431)
[ view plain ]
| 000 -LEADER | |
|---|---|
| fixed length control field | 00783nam a2200253 a 4500 |
| 001 - CONTROL NUMBER | |
| control field | 54431 |
| 003 - CONTROL NUMBER IDENTIFIER | |
| rucl marc code | BD-RjUL |
| 005 - DATE AND TIME OF LATEST TRANSACTION | |
| control field | 20211209080123.0 |
| 008 - FIXED-LENGTH DATA ELEMENTS--GENERAL INFORMATION | |
| fixed length control field | 161106s2003 i a b 001 0 eng |
| 020 ## - INTERNATIONAL STANDARD BOOK NUMBER | |
| International Standard Book Number | 8120310454 |
| 035 ## - SYSTEM CONTROL NUMBER | |
| System control number | (BD-RjUL)54553 |
| 040 ## - CATALOGING SOURCE | |
| Original cataloging agency | DLC |
| Transcribing agency | DLC |
| Modifying agency | BD-RjUL |
| Language of cataloging | eng |
| 041 ## - LANGUAGE CODE | |
| Language code of text/sound track or separate title | eng |
| 082 00 - DEWEY DECIMAL CLASSIFICATION NUMBER | |
| Classification number | 519.535 |
| Edition number | 23 |
| Author mark and year | JOA 2003 |
| 100 1# - MAIN ENTRY--PERSONAL NAME | |
| Personal name | Johnson, Richard A. |
| Fuller form of name | (Richard Arnold), |
| Dates associated with a name | 1937- |
| 9 (RLIN) | 155153 |
| 245 10 - TITLE STATEMENT | |
| Title | Applied multivariate statistical analysis / |
| Statement of responsibility, etc. | Richard A. Johnson, Dean W. Wichern. |
| 250 ## - EDITION STATEMENT | |
| Edition statement | 3rd ed. |
| 260 ## - PUBLICATION, DISTRIBUTION, ETC. (IMPRINT) | |
| Place of publication, distribution, etc. | New Delhi : |
| Name of publisher, distributor, etc. | Prentice Hall, |
| Date of publication, distribution, etc. | c1992 [Reprint 2003] . |
| 300 ## - PHYSICAL DESCRIPTION | |
| Pagination | xiv, 642 p. : |
| Illustrations | ill. ; |
| Size | 24 cm. |
| 500 ## - GENERAL NOTE | |
| General note | Includes indexes. |
| 650 #0 - SUBJECT ADDED ENTRY--TOPICAL TERM | |
| Topical term or geographic name as entry element | Multivariate analysis. |
| 9 (RLIN) | 119620 |
| 700 1# - ADDED ENTRY--PERSONAL NAME | |
| Personal name | Wichern, Dean W. |
| 942 ## - ADDED ENTRY ELEMENTS (KOHA) | |
| Source of classification or shelving scheme | Dewey Decimal Classification |
| Koha item type | Books |
| Lost status | Source of classification or shelving scheme | Damaged status | Not for loan | Collection code | Permanent Location | Current Location | Shelving location | Date acquired | Source of acquisition | Cost, normal purchase price | Total Checkouts | Full call number | Date last seen | Date checked out | Copy number | Koha item type |
|---|---|---|---|---|---|---|---|---|---|---|---|---|---|---|---|---|
| Dewey Decimal Classification | Non-fiction | Central Library, University of Rajshahi | Central Library, University of Rajshahi | 16/10/2005 | Dhaka,Paragon Enterprise Lit., | 275.00 | 3 | 519.535 JOA 2003 | 05/02/2026 | 20/01/2026 | C-2 | Books | ||||
| Dewey Decimal Classification | Not For Loan | Non-fiction | Central Library, University of Rajshahi | Central Library, University of Rajshahi | Reading Room | 16/10/2005 | Paragogn Enterprise, Dhaka | 275.00 | 519.535 JOA 2003 | 18/03/2017 | C-1 | Books |